Wszystkie Featy u Taco Hemingwaya - Statystyki

Ogólne statystyki
  • Ten quiz został rozwiązany 304 razy
  • Średni wynik to 11 z 29
Statystyki odpowiedzi
Odpowiedź % Poprawnych
Bedoes
87%
Dawid Podsiadło
82%
schafter
78%
Oki
77%
Otsochodzi
71%
Szpaku
68%
Kizo
65%
Borucci
59%
Pezet
58%
CatchUp
57%
Rumak
55%
Artur Rojek
50%
Gruby Mielzky
49%
Lanek
44%
Kacha
42%
Ras
41%
Zeppy Zep
36%
Atutowy
24%
Deemz
21%
2K
14%
Keeko
10%
Sergiusz
9%
2latefor
5%
Catz 'n Dogz
5%
Duit
3%
Pham
3%
d3w
2%
Emapea
2%
Pejzaż
2%
Nie znaleziono quizów pasujących do podanych kryteriów
Rozkład punktacji
Procent ludzi z każdym wynikiem
Percentyl według liczby udzielonych odpowiedzi
Twoja historia wyników
Nie rozwiązałeś tego quizu